| 000 | 00457pab a2200169 454500 | ||
|---|---|---|---|
| 008 | 180718b1995 xxu||||| |||| 00| 0 eng d | ||
| 100 | _aIlaiah, Kancha | ||
| 245 | _aBeware of bureaucratic `Doras' | ||
| 260 | _c1995 | ||
| 300 | _ap.22-24 | ||
| 362 | _a7 Jan | ||
| 650 | _aPersonnel, Public - Pay Plans | ||
| 650 | _aFifth Pay Commission | ||
| 650 | _aCivil Service - Salaries etc. - India | ||
| 773 | _aEconomic and Political Weekly | ||
| 909 | _a28129 | ||
| 999 |
_c28129 _d28129 |
||